Hearthstone minion types - Statistics

General Stats
  • This quiz has been taken 164 times
  • The average score is 7 of 9
Answer Stats
Answer % Correct
Beast
96%
Murloc
94%
Dragon
87%
Mech
87%
Demon
79%
Pirate
76%
Elemental
74%
Totem
48%
Quilboar
46%
No matching quizzes found
Score Distribution
Percent of People with Each Score
Percentile by Number Answered
Your Score History
You have not taken this quiz